[Event "DEN-ch sf1"]
[Site "Svendborg"]
[Date "2024.03.29"]
[Round "7"]
[White "Meskenas, Paulius"]
[Black "Perets, Dmitry"]
[Result "0-1"]
[WhiteElo "2187"]
[BlackElo "2137"]
[PlyCount "96"]
[EventDate "2024.03.29"]
[EventType "swiss"]
[EventRounds "7"]
[EventCountry "DEN"]
[SourceTitle "CB16_2024"]
[SourceDate "2024.04.17"]
[SourceVersion "1"]
[SourceVersionDate "2024.04.17"]
[SourceQuality "1"]

1. e4 c5 2. Nf3 Nc6 3. c3 Nf6 4. e5 Nd5 5. Bc4 Nb6 6. Bb3 g6 7. 0-0 Bg7 8. Re1 0-0 9. d4 cxd4 10. cxd4 d6 11. e6 fxe6 12. Bxe6+ Bxe6 13. Rxe6 Qc8 14. Re1 Rxf3 15. gxf3 Nxd4 16. Na3 Qh3 17. Re3 Nf5 18. f4 Nxe3 19. Bxe3 Qe6 20. Nb5 Qc4 21. Nd4 Rc8 22. Rc1 Qxa2 23. Rxc8+ Nxc8 24. Qf3 d5 25. Kg2 Bxd4 26. Bxd4 Nd6 27. Qe3 Kf7 28. Qh3 h5 29. Qd7 Qb1 30. Be5 Qe4+ 31. f3 Qe2+ 32. Kg1 Qd1+ 33. Kf2 Nf5 34. Bc3 Qc2+ 35. Ke1 Qc1+ 36. Ke2 Qe3+ 37. Kd1 Qd3+ 38. Ke1 Qe3+ 39. Kd1 Qxf3+ 40. Ke1 Qh1+ 41. Kd2 Qxh2+ 42. Kd3 Qh3+ 43. Kd2 Qg2+ 44. Ke1 h4 45. Qc8 h3 46. Qh8 h2 47. Qh7+ Ke6 48. Qg8+ Kd7 0-1

[Event "Wch U18"]
[Site "Montesilvano"]
[Date "2023.11.15"]
[Round "3"]
[White "Rotondaro, Alberto"]
[Black "Meskenas, Paulius"]
[Result "1/2-1/2"]
[WhiteElo "2065"]
[BlackElo "2261"]
[PlyCount "72"]
[EventDate "2023.11.13"]
[EventType "swiss"]
[EventRounds "11"]
[EventCountry "ITA"]
[SourceTitle "CB48_2023"]
[SourceDate "2023.11.29"]
[SourceVersion "1"]
[SourceVersionDate "2023.11.29"]
[SourceQuality "1"]

1. d4 Nf6 2. Nf3 e6 3. c4 Bb4+ 4. Nbd2 0-0 5. a3 Be7 6. e4 d6 7. Bd3 e5 8. 0-0 exd4 9. Nxd4 Ng4 10. Be2 Bf6 11. Nc2 Ne5 12. Nb1 Re8 13. Nc3 Nec6 14. f3 Bxc3 15. bxc3 Qf6 16. Nd4 Na6 17. Be3 Bd7 18. Nb5 Re7 19. Qd2 Qg6 20. Rae1 f6 21. Kh1 Qf7 22. a4 Be6 23. Nd4 Bxc4 24. Nxc6 bxc6 25. Rb1 Re5 26. Rb7 Nc5 27. Rb4 Bxe2 28. Qxe2 Rae8 29. Rc4 Nb7 30. Rxc6 d5 31. Qa6 Nd8 32. Rc5 dxe4 33. Rxe5 Rxe5 34. fxe4 Rxe4 35. Bxa7 Re5 36. a5 Re4 1/2-1/2

[Event "DEN-ch Rapid op"]
[Site "Avedore"]
[Date "2023.05.13"]
[Round "2"]
[White "Meskenas, Paulius"]
[Black "Sylvan, Jacob"]
[Result "1-0"]
[WhiteElo "2194"]
[BlackElo "2325"]
[PlyCount "87"]
[EventDate "2023.05.13"]
[EventType "swiss (rapid)"]
[EventRounds "7"]
[EventCountry "DEN"]
[SourceTitle "CBM 214 Extra"]
[Source "ChessBase"]
[SourceDate "2023.07.31"]
[SourceVersion "1"]
[SourceVersionDate "2023.07.31"]
[SourceQuality "1"]

1. e4 c5 2. Nf3 e6 3. c3 Nf6 4. e5 Nd5 5. d4 cxd4 6. cxd4 d6 7. Be2 Nc6 8. 0-0 Be7 9. a3 0-0 10. Qc2 Bd7 11. Rd1 Rc8 12. Qe4 f5 13. exf6 Nxf6 14. Qd3 d5 15. Nbd2 a6 16. Nf1 Na5 17. b4 Nc4 18. Ne3 b5 19. Ne5 Nxe5 20. dxe5 Ne4 21. Bf3 Nc3 22. Re1 Be8 23. Qd4 Bg6 24. Bg4 Qd7 25. f3 Bd8 26. Kh1 Na4 27. Qxd5 Qxd5 28. Nxd5 Bf5 29. Ne3 Bxg4 30. Nxg4 Bb6 31. Be3 Rfd8 32. Nf2 Rc2 33. Ne4 Bxe3 34. Rxe3 Nb2 35. f4 Rd4 36. Nc5 Rxf4 37. Nxe6 Rg4 38. Rf1 h6 39. g3 Nc4 40. Ree1 h5 41. Rf3 h4 42. Nf4 Nd2 43. Rd3 Kf8 44. e6 1-0

[Event "DEN-ch cand"]
[Site "Svendborg"]
[Date "2023.04.05"]
[Round "7"]
[White "Meskenas, Paulius"]
[Black "Mollasoltani, Aryan"]
[Result "1-0"]
[WhiteElo "2216"]
[BlackElo "2008"]
[PlyCount "117"]
[EventDate "2023.04.05"]
[EventType "swiss"]
[EventRounds "7"]
[EventCountry "DEN"]
[SourceTitle "CBM 213 Extra"]
[Source "ChessBase"]
[SourceDate "2023.05.31"]
[SourceVersion "1"]
[SourceVersionDate "2023.05.31"]
[SourceQuality "1"]

1. e4 c5 2. Nf3 e6 3. c3 Nf6 4. e5 Nd5 5. d4 cxd4 6. cxd4 d6 7. Be2 Be7 8. 0-0 0-0 9. Bd2 Bd7 10. Nc3 Nxc3 11. Bxc3 Bc6 12. Bd3 Nd7 13. Bc2 Re8 14. Qd3 Nf8 15. Qe3 Rc8 16. Rad1 b5 17. Bb1 Bxf3 18. Qxf3 d5 19. b3 Rc6 20. Qd3 Qb6 21. f4 Rec8 22. Bb2 f5 23. exf6 Bxf6 24. Kh1 g6 25. g4 Re8 26. Rde1 Rcc8 27. Re2 b4 28. h4 Re7 29. g5 Bg7 30. f5 gxf5 31. Rxf5 exf5 32. Rxe7 Ng6 33. Re2 Nxh4 34. Rh2 Ng6 35. Qxf5 Rf8 36. Qxd5+ Kh8 37. Kg1 Qa6 38. Rf2 Qc8 39. Rxf8+ Nxf8 40. Qf5 Qc7 41. Qf3 Qe7 42. Kf2 Qxg5 43. Ke2 h5 44. Bf5 Ng6 45. Qe4 Kh7 46. Kd3 Kh6 47. Kc4 Ne7 48. Qe6+ Bf6 49. Be4 Kg7 50. Kxb4 Qd2+ 51. Bc3 a5+ 52. Kc4 Qe2+ 53. Kc5 Qxa2 54. Qc4 Qa3+ 55. Kb5 Qd6 56. Kxa5 h4 57. b4 Qd7 58. b5 Nc8 59. Bc6 1-0

[Event "DEN-ch cand"]
[Site "Svendborg"]
[Date "2023.04.05"]
[Round "5"]
[White "Meskenas, Paulius"]
[Black "Ostensen, Nicolai Maxime"]
[Result "0-1"]
[WhiteElo "2216"]
[BlackElo "2226"]
[PlyCount "212"]
[EventDate "2023.04.05"]
[EventType "swiss"]
[EventRounds "7"]
[EventCountry "DEN"]
[SourceTitle "CBM 213 Extra"]
[Source "ChessBase"]
[SourceDate "2023.05.31"]
[SourceVersion "1"]
[SourceVersionDate "2023.05.31"]
[SourceQuality "1"]

1. e4 e5 2. Nf3 Nc6 3. Bc4 Bc5 4. c3 Nf6 5. d3 a5 6. 0-0 d6 7. h3 h6 8. Re1 Bb6 9. d4 0-0 10. Bb5 Bd7 11. Na3 Re8 12. dxe5 Nxe5 13. Nxe5 Rxe5 14. Bd3 Re7 15. Qf3 Re8 16. Nc4 Bc5 17. Be3 Bxe3 18. Nxe3 a4 19. Rad1 Be6 20. Bb1 Ra5 21. Nc2 Nd7 22. Nd4 Qf6 23. Qe3 g5 24. Ne2 Ne5 25. Nd4 Qf4 26. Qxf4 gxf4 27. f3 Kg7 28. Ne2 Ng6 29. Rd4 Rg5 30. Kf2 b5 31. Rh1 Kf6 32. h4 Rh5 33. g4 fxg3+ 34. Nxg3 Rc5 35. h5 Ne5 36. Ne2 Rg8 37. Rh4 Ke7 38. f4 Nc4 39. b4 axb3 40. axb3 Nb6 41. Bc2 Bg4 42. b4 Rxh5 43. Rxh5 Bxh5 44. Ng3 Bg4 45. e5 dxe5 46. fxe5 Bd7 47. Rh4 Nc4 48. Rxh6 Nxe5 49. Rh5 Nc4 50. Rc5 c6 51. Ne2 Kd6 52. Rh5 Re8 53. Rh7 Ne5 54. Ke3 Nc4+ 55. Kf2 Ne3 56. Bb3 Ng4+ 57. Ke1 Be6 58. Bxe6 fxe6 59. Kd2 e5 60. Rg7 Nf6 61. Ng3 Ke6 62. Rc7 Rd8+ 63. Kc2 Rd6 64. Rg7 Rd7 65. Rxd7 Nxd7 66. Kd3 Nb6 67. Ne4 Nc4 68. Nc5+ Kd5 69. Nd7 e4+ 70. Ke2 Kd6 71. Nc5 Ke5 72. Nb3 Nb6 73. Nd4 Kd5 74. Nf5 Nc4 75. Ne7+ Kd6 76. Nf5+ Ke6 77. Nd4+ Kd5 78. Nf5 Ne5 79. Ne3+ Ke6 80. Kd1 Nc4 81. Nc2 Kd5 82. Ke2 Ne5 83. Ne3+ Ke6 84. Kd1 Nd3 85. Kd2 Ke5 86. Ke2 Nf4+ 87. Kd2 Nd5 88. Nc2 Kf4 89. Nd4 Ne7 90. Ke2 Ke5 91. Kd2 Kd5 92. Nc2 Nf5 93. Na3 Ke5 94. Nc2 Kf4 95. Ke2 e3 96. Ne1 Ke4 97. Kd1 Ne7 98. Kc1 Nd5 99. Kc2 Nf4 100. Kd1 Nd3 101. Nc2 Kf3 102. Nd4+ Kf2 103. Kc2 e2 104. Kxd3 e1Q 105. Nxc6 Qe3+ 106. Kc2 Qe4+ 0-1

[Event "DEN-chT 2223 60th"]
[Site "Denmark"]
[Date "2023.03.26"]
[Round "9.4"]
[White "Nordenbaek, Jan"]
[Black "Meskenas, Paulius"]
[Result "0-1"]
[WhiteElo "2132"]
[BlackElo "2038"]
[PlyCount "76"]
[EventDate "2022.10.29"]
[EventType "team-tourn"]
[EventRounds "9"]
[EventCountry "DEN"]
[SourceTitle "CBM 213 Extra"]
[Source "ChessBase"]
[SourceDate "2023.05.31"]
[SourceVersion "1"]
[SourceVersionDate "2023.05.31"]
[SourceQuality "1"]
[WhiteTeam "Hillerod"]
[BlackTeam "Koge Xtracon"]
[WhiteTeamCountry "DEN"]
[BlackTeamCountry "DEN"]

1. Nf3 Nf6 2. c4 c5 3. Nc3 g6 4. e4 d6 5. d4 cxd4 6. Nxd4 Bg7 7. Be2 0-0 8. 0-0 Nc6 9. Be3 Bd7 10. Qd2 Rc8 11. f3 Ne5 12. b3 a6 13. Rfd1 Ne8 14. a4 f5 15. exf5 gxf5 16. Nd5 e6 17. Nf4 Qe7 18. Nh5 Bh8 19. Bh6 Rf7 20. Bg5 Qf8 21. Rac1 Ng6 22. Nf4 Nxf4 23. Bxf4 Bxd4+ 24. Qxd4 e5 25. Bxe5 dxe5 26. Qxe5 Qc5+ 27. Qxc5 Rxc5 28. Kf2 a5 29. Rd5 Rxd5 30. cxd5 Kf8 31. Bc4 Re7 32. Rd1 Nd6 33. Rd4 Ke8 34. Bd3 Kd8 35. g4 Kc7 36. gxf5 Bxf5 37. Bxf5 Nxf5 38. Rf4 Re5 0-1

[Event "Copenhagen Obro New Year op"]
[Site "Copenhagen"]
[Date "2022.12.27"]
[Round "2"]
[White "Hector, Jonny"]
[Black "Meskenas, Paulius"]
[Result "1-0"]
[WhiteElo "2451"]
[BlackElo "2073"]
[PlyCount "39"]
[EventDate "2022.12.27"]
[EventType "swiss"]
[EventRounds "7"]
[EventCountry "DEN"]
[SourceTitle "CBM 211 Extra"]
[Source "ChessBase"]
[SourceDate "2023.01.31"]
[SourceVersion "1"]
[SourceVersionDate "2023.01.31"]
[SourceQuality "1"]

1. e4 e5 2. Nf3 Nc6 3. Nc3 Nf6 4. d4 exd4 5. Nd5 Bc5 6. Bc4 h6 7. 0-0 0-0 8. b4 Nxb4 9. Nxb4 Bxb4 10. Qxd4 Qe7 11. e5 Ne8 12. Bb2 d6 13. Qf4 dxe5 14. Nxe5 Nd6 15. Bb3 Nf5 16. Ng6 Qd6 17. Qg4 Re8 18. Nh4 g6 19. Nxg6 Kh7 20. Bxf7 1-0

[Event "EU-ch U18 30th"]
[Site "Antalya"]
[Date "2022.11.11"]
[Round "6"]
[White "Roebers, Eline"]
[Black "Meskenas, Paulius"]
[Result "1-0"]
[WhiteElo "2363"]
[BlackElo "2095"]
[PlyCount "39"]
[EventDate "2022.11.06"]
[EventType "swiss"]
[EventRounds "9"]
[EventCountry "TUR"]
[SourceTitle "EXT 2024"]
[Source "ChessBase"]
[SourceDate "2023.10.10"]
[SourceVersion "1"]
[SourceVersionDate "2023.10.10"]
[SourceQuality "1"]

1. e4 e5 2. Nf3 Nc6 3. Bb5 a6 4. Ba4 Nf6 5. 0-0 Bc5 6. Bb3 Be7 7. c3 d6 8. h3 Na5 9. Bc2 0-0 10. Re1 c5 11. d4 cxd4 12. cxd4 Nc6 13. Nc3 Qc7 14. a4 b6 15. Ne2 a5 16. Be3 Re8 17. Rc1 Bb7 18. Bd3 Rac8 19. d5 Qd7 20. Bb5 1-0

[Event "DEN-chT 2223 60th"]
[Site "Denmark"]
[Date "2022.10.30"]
[Round "2.4"]
[White "Berg, Klaus"]
[Black "Meskenas, Paulius"]
[Result "1/2-1/2"]
[WhiteElo "2278"]
[BlackElo "2038"]
[PlyCount "108"]
[EventDate "2022.10.29"]
[EventType "team-tourn"]
[EventRounds "9"]
[EventCountry "DEN"]
[SourceTitle "EXT 2024"]
[Source "ChessBase"]
[SourceDate "2023.10.10"]
[SourceVersion "1"]
[SourceVersionDate "2023.10.10"]
[SourceQuality "1"]
[WhiteTeam "Skanderborg Nordea"]
[BlackTeam "Koge Xtracon"]
[WhiteTeamCountry "DEN"]
[BlackTeamCountry "DEN"]

1. c4 c5 2. Nc3 Nc6 3. Nf3 Nf6 4. e3 g6 5. d4 cxd4 6. Nxd4 Bg7 7. Be2 0-0 8. 0-0 d5 9. cxd5 Nxd5 10. Nxd5 Qxd5 11. Bf3 Qd7 12. Nxc6 bxc6 13. Qc2 Bb7 14. Rd1 Qc7 15. Bd2 c5 16. Bxb7 Qxb7 17. Bc3 Rfd8 18. Bxg7 Kxg7 19. b3 Qc7 20. Qc3+ Kg8 21. h3 Rac8 22. Rxd8+ Qxd8 23. Rc1 Qd6 24. Qb2 Rc6 25. Qe2 Kg7 26. Rc4 a5 27. Qe1 Qc7 28. Ra4 Ra6 29. Qc3+ Kg8 30. g3 h5 31. h4 Qd6 32. Rc4 Qd1+ 33. Kg2 Rf6 34. Rf4 Rxf4 35. exf4 Qd5+ 36. Kh2 a4 37. bxa4 Qxa2 38. Qxc5 Qxa4 39. Qxe7 Qa2 40. Qc5 Qb1 41. Qd5 Qb6 42. Kg2 Qf6 43. f5 gxf5 44. Kf3 Qg6 45. Kf4 Qg4+ 46. Ke5 Kg7 47. Qd4 Qf3 48. Qe3 Qxe3+ 49. fxe3 Kg6 50. Kd5 Kh7 51. e4 fxe4 52. Kxe4 Kg6 53. Ke5 f6+ 54. Ke6 Kg7 1/2-1/2

[Event "Wch U18"]
[Site "Mamaia"]
[Date "2022.09.06"]
[Round "1"]
[White "Rodrigue Lemieux, Shawn"]
[Black "Meskenas, Paulius"]
[Result "1-0"]
[WhiteElo "2451"]
[BlackElo "2139"]
[PlyCount "109"]
[EventDate "2022.09.06"]
[EventType "swiss"]
[EventRounds "11"]
[EventCountry "ROU"]
[SourceTitle "CBM 210 Extra"]
[Source "ChessBase"]
[SourceDate "2022.11.30"]
[SourceVersion "1"]
[SourceVersionDate "2022.11.30"]
[SourceQuality "1"]

1. c4 c5 2. g3 g6 3. Bg2 Bg7 4. Nc3 Nc6 5. Nf3 Nf6 6. d4 cxd4 7. Nxd4 0-0 8. 0-0 a6 9. Nc2 Qa5 10. e4 d6 11. Nd5 Nxd5 12. cxd5 Ne5 13. Ne3 b5 14. Bd2 Qb6 15. Bc3 Bd7 16. Qd2 Rfc8 17. Rac1 a5 18. Rfd1 Nc4 19. Nxc4 bxc4 20. Bxg7 Kxg7 21. Bf1 Bb5 22. Rc3 Rc5 23. Qd4+ Kg8 24. Bxc4 Bxc4 25. Rxc4 Rac8 26. Rxc5 Rxc5 27. e5 Qb5 28. exd6 exd6 29. Qd2 Qc4 30. b3 Qc2 31. Qd4 Qe2 32. h4 Rc2 33. a3 h5 34. Rf1 Rd2 35. Qa7 Rd1 36. Qa8+ Kg7 37. Rxd1 Qxd1+ 38. Kg2 Qe1 39. Qc6 Qe4+ 40. Kh2 Qd4 41. Kg2 Qe4+ 42. Kh2 Qd4 43. Qc2 Qxd5 44. Qb2+ Kg8 45. b4 Qb5 46. Qd4 axb4 47. Qxb4 Qe5 48. a4 d5 49. a5 d4 50. a6 Qe2 51. Qb7 d3 52. a7 Qxf2+ 53. Kh3 d2 54. a8Q+ Kh7 55. Qf3 1-0

[Event "Koge Lang Sommer 3rd"]
[Site "Koge"]
[Date "2022.07.10"]
[Round "9"]
[White "Jacobsen, Mikkel Manosri"]
[Black "Meskenas, Paulius"]
[Result "1/2-1/2"]
[WhiteElo "2309"]
[BlackElo "2168"]
[PlyCount "159"]
[EventDate "2022.07.06"]
[EventType "tourn"]
[EventRounds "9"]
[EventCountry "DEN"]
[SourceTitle "CBM 209 Extra"]
[Source "ChessBase"]
[SourceDate "2022.09.30"]
[SourceVersion "1"]
[SourceVersionDate "2022.09.30"]
[SourceQuality "1"]

1. d4 Nf6 2. Nf3 g6 3. c4 Bg7 4. e3 d5 5. cxd5 Nxd5 6. e4 Nb6 7. Be2 Bg4 8. Nbd2 Nc6 9. d5 Ne5 10. Nxe5 Bxe2 11. Nxf7 Bxd1 12. Nxd8 Rxd8 13. Kxd1 Rf8 14. f3 e6 15. dxe6 Ke7 16. Kc2 Kxe6 17. Nf1 Nc4 18. Rb1 Rd6 19. Ne3 Ne5 20. Rd1 Rc6+ 21. Kd2 Rd8+ 22. Nd5 Bh6+ 23. Ke2 Rc2+ 24. Kf1 Bxc1 25. Rbxc1 Rxc1 26. Rxc1 c6 27. Ne3 Nd3 28. Rd1 b5 29. g3 Rd6 30. b3 Nb4 31. Rxd6+ Kxd6 32. a3 Nd3 33. b4 c5 34. Ke2 c4 35. f4 h5 36. h4 Ke6 37. Nd5 Kd6 38. Nc3 a6 39. Nd5 Nc1+ 40. Ke3 Nb3 41. Nc3 Na1 42. e5+ Ke6 43. Ke4 Nc2 44. a4 bxa4 45. Nxa4 Nxb4 46. Nc5+ Kf7 47. Kd4 Nc6+ 48. Kxc4 Ne7 49. Nxa6 Nf5 50. Kd5 Ke7 51. Nb4 Nxg3 52. Nc6+ Ke8 53. Nd4 Ke7 54. e6 Kf6 55. Kd6 Ne4+ 56. Kc6 Ke7 57. Kd5 Nf6+ 58. Ke5 Ng4+ 59. Ke4 Nf6+ 60. Kf3 Kd6 61. f5 gxf5 62. Kf4 Kd5 63. Kxf5 Ne8 64. Ne2 Ng7+ 65. Kg6 Nxe6 66. Kxh5 Ke5 67. Kg6 Nf8+ 68. Kf7 Kf5 69. Ng3+ Kg4 70. h5 Nh7 71. Kg7 Ng5 72. Kf6 Nh7+ 73. Kg6 Nf8+ 74. Kg7 Ne6+ 75. Kf6 Nf8 76. Kf7 Nh7 77. Kg7 Ng5 78. Kg6 Ne6 79. Kf6 Nf8 80. Kf7 1/2-1/2